000
00274nam a22001217a 4500
008
190204b xxu||||| |||| 00| 0 eng d
041
_a
eng
080
_a
371
100
_a
25
101
_a
EDU
245
_a
The Teaching of High School English
_c
Hook, J.N
942
_2
udc
_c
BK
999
_c
53934
_d
53934